[Event "MCR senioru 2014 - nad 70 let"]
[Site "Rychnov nad Kneznou"]
[Date "2014.08.18"]
[Round "1.1"]
[White "Abraham, Karel"]
[Black "Mesiarik, Rudolf"]
[Result "0-1"]
[WhiteElo "1804"]
[BlackElo "2136"]
[PlyCount "98"]
[EventDate "2014.??.??"]

1. e4 c5 2. c3 Qa5 3. Nf3 Nc6 4. Be2 Nf6 5. d3 d6 6. O-O e6 7. Nbd2 d5 8. e5
Nd7 9. d4 cxd4 10. cxd4 Qb6 11. Nb3 a5 12. Rb1 a4 13. Na1 Be7 14. Nc2 O-O 15.
Bd3 f5 16. Bg5 Qd8 17. Bxe7 Qxe7 18. h4 g6 19. Ng5 h6 20. Nf3 Nd8 21. g3 Nf7
22. Kg2 Kg7 23. Qd2 Nb6 24. Rbc1 Bd7 25. Qb4 Qxb4 26. Nxb4 Rfc8 27. Rfd1 Nd8
28. Rxc8 Rxc8 29. Rd2 Nc6 30. Nxc6 Bxc6 31. Rc2 Nc4 32. Nd2 g5 33. hxg5 hxg5
34. b3 Kf7 35. Kf1 Nxd2+ 36. Rxd2 axb3 37. axb3 Ra8 38. Rb2 Ke7 39. b4 Bd7 40.
Ke2 Kd8 41. Kd2 Kc7 42. Kc3 Kb6 43. b5 Ra3+ 44. Kc2 Ra5 45. f4 gxf4 46. gxf4
Bxb5 47. Kc3 Kc6 48. Bc2 Bc4 49. Rb1 Ra3+ 0-1

[Event "MCR senioru 2014 - nad 70 let"]
[Site "Rychnov nad Kneznou"]
[Date "2014.08.18"]
[Round "1.2"]
[White "Volf, Jaroslav"]
[Black "Strakos, Tomas"]
[Result "1/2-1/2"]
[WhiteElo "2074"]
[BlackElo "1780"]
[PlyCount "49"]
[EventDate "2014.??.??"]

1. e4 c5 2. c3 Nf6 3. e5 Nd5 4. d4 cxd4 5. cxd4 d6 6. Nf3 Nc6 7. Bc4 Nb6 8. Bb3
d5 9. O-O Bg4 10. Be3 e6 11. Nbd2 Be7 12. h3 Bh5 13. Bc2 Nc8 14. a3 a5 15. Rc1
O-O 16. g4 Bg6 17. Bxg6 hxg6 18. Qe2 f6 19. Qb5 Qb6 20. Qxb6 Nxb6 21. Rfd1 a4
22. Ne1 Na5 23. Nd3 Rac8 24. Rxc8 Rxc8 25. Rc1 1/2-1/2

[Event "MCR senioru 2014 - nad 70 let"]
[Site "Rychnov nad Kneznou"]
[Date "2014.08.18"]
[Round "1.3"]
[White "Glembek, Bohumir"]
[Black "Vitek, Vaclav"]
[Result "0-1"]
[WhiteElo "1779"]
[BlackElo "2049"]
[PlyCount "40"]
[EventDate "2014.??.??"]

1. d4 d6 2. c4 e5 3. dxe5 dxe5 4. Qxd8+ Kxd8 5. e4 Nc6 6. a3 Nd4 7. Bd3 Nb3 8.
Nd2 Nxa1 9. b4 a5 10. b5 c6 11. Bb2 f6 12. a4 Nb3 13. Nxb3 Bb4+ 14. Nd2 cxb5
15. cxb5 Be6 16. Bc2 Rc8 17. Kd1 Nh6 18. f3 Ke7 19. Bd3 Rhd8 20. Ke2 Rxd3 0-1

[Event "MCR senioru 2014 - nad 70 let"]
[Site "Rychnov nad Kneznou"]
[Date "2014.08.18"]
[Round "1.4"]
[White "Most, Zdenek"]
[Black "Kosek, Lubomir"]
[Result "1-0"]
[WhiteElo "2037"]
[BlackElo "1762"]
[PlyCount "59"]
[EventDate "2014.??.??"]

1. d4 Nf6 2. Nf3 g6 3. g3 Bg7 4. c4 O-O 5. Bg2 d6 6. O-O c6 7. Nc3 Nbd7 8. Qc2
Qc7 9. e4 e5 10. h3 a6 11. a4 Nh5 12. d5 c5 13. a5 f5 14. Ng5 Ndf6 15. Ne6 Bxe6
16. dxe6 fxe4 17. Nxe4 Nxe4 18. Qxe4 Rab8 19. Bg5 Bf6 20. Bh6 Bg7 21. Bg5 Bf6
22. Bh6 Bg7 23. Bxg7 Nxg7 24. Rfd1 Nf5 25. h4 Qe7 26. Qg4 Rf6 27. Ra3 b5 28.
cxb5 Rxb5 29. Rd2 Qxe6 30. Bd5 1-0

[Event "MCR senioru 2014 - nad 70 let"]
[Site "Rychnov nad Kneznou"]
[Date "2014.08.18"]
[Round "1.5"]
[White "Walter, Jaroslav"]
[Black "Bielavsky, Jiri"]
[Result "0-1"]
[WhiteElo "1742"]
[BlackElo "2031"]
[PlyCount "52"]
[EventDate "2014.??.??"]

1. f4 Nf6 2. Nf3 g6 3. b3 Bg7 4. Bb2 d6 5. e3 c5 6. Bc4 O-O 7. Nc3 Nc6 8. Nd5
Nxd5 9. Bxg7 Nxe3 10. dxe3 Kxg7 11. h4 Bg4 12. Qd2 Qa5 13. c3 Bxf3 14. gxf3 d5
15. Bd3 d4 16. h5 dxe3 17. Qc2 e6 18. hxg6 hxg6 19. f5 exf5 20. Bxf5 Nd4 21.
Rh7+ Kxh7 22. Bxg6+ fxg6 23. Qh2+ Kg8 24. b4 Nxf3+ 25. Kd1 Nxh2 26. bxa5 Nf3
0-1

[Event "MCR senioru 2014 - nad 70 let"]
[Site "Rychnov nad Kneznou"]
[Date "2014.08.18"]
[Round "1.6"]
[White "Jacek, Miloslav"]
[Black "Svatos, Zdenek"]
[Result "1-0"]
[WhiteElo "2030"]
[BlackElo "1736"]
[PlyCount "63"]
[EventDate "2014.??.??"]

1. e4 c5 2. Nf3 d6 3. c3 Nf6 4. Be2 g6 5. O-O Bg7 6. d3 Nc6 7. Re1 O-O 8. Bf1
Qc7 9. d4 Bg4 10. Be3 Nxe4 11. h3 Bxf3 12. Qxf3 Nf6 13. dxc5 Ne5 14. Qe2 Nc6
15. Na3 a6 16. cxd6 exd6 17. Rad1 d5 18. Nc2 Rfe8 19. Qf3 Rad8 20. Bg5 Ne5 21.
Qf4 Nh5 22. Bxd8 Qxd8 23. Qd2 Re7 24. Ne3 Nf6 25. Kh1 Rd7 26. Qc2 Nc6 27. Qa4
Ne4 28. Kg1 h5 29. Nxd5 Rxd5 30. Rxd5 Qxd5 31. Qxe4 Qxa2 32. Bc4 1-0

[Event "MCR senioru 2014 - nad 70 let"]
[Site "?"]
[Date "2014.08.18"]
[Round "1.7"]
[White "Slovak, Martin"]
[Black "Mutina, Antonin"]
[Result "0-1"]
[WhiteElo "1733"]
[BlackElo "1970"]
[Annotator "D"]
[PlyCount "50"]
[EventDate "2014.08.18"]
[SourceDate "2014.08.18"]

1. d4 Nf6 2. c4 e5 3. dxe5 Ng4 4. Qd4 d6 5. exd6 Nc6 6. Qe4+ Be6 7. dxc7 Qxc7
8. Nc3 Bb4 9. e3 O-O 10. Be2 Nf6 11. Qc2 Ne5 12. b3 Ne4 13. Bb2 Qa5 14. Rc1 Bf5
15. Bd3 Nxd3+ 16. Qxd3 Ng3 17. Qd5 Nxh1 18. Qxa5 Bxa5 19. Nge2 Rad8 20. Nd4 Bg6
21. f3 Rfe8 22. Ke2 Rxd4 23. Rxh1 Bxc3 24. Bxc3 Rd3 25. Bb4 Rdxe3+ 0-1

[Event "MCR senioru 2014 - nad 70 let"]
[Site "?"]
[Date "2014.08.18"]
[Round "1.8"]
[White "Holecek, Vladimir"]
[Black "Matoulek, Jaroslav"]
[Result "1-0"]
[WhiteElo "1969"]
[BlackElo "1730"]
[Annotator "D"]
[PlyCount "79"]
[EventDate "2014.08.18"]
[SourceDate "2014.08.18"]

1. e4 e5 2. Nf3 Nc6 3. d4 exd4 4. Nxd4 Be7 5. Nc3 a6 6. Nf5 Bf6 7. Nd5 d6 8.
Nfe3 Ne5 9. Be2 c6 10. Nc3 Ne7 11. O-O O-O 12. Qd2 Qc7 13. b3 Rd8 14. Rd1 N5g6
15. Ba3 Bxc3 16. Qxc3 Be6 17. Bb2 f6 18. Bg4 Bxg4 19. Nxg4 Rf8 20. Rd2 Rad8 21.
Rad1 Ne5 22. Ne3 Qb8 23. f4 Nf7 24. g3 Nh6 25. Qc4+ Kh8 26. Qe6 Nc8 27. Qh3
Rde8 28. Qg2 Re7 29. e5 fxe5 30. fxe5 Re6 31. Qh3 Rfe8 32. Nf5 Nxf5 33. Qxf5 d5
34. Rf2 Nb6 35. Rdf1 Nd7 36. Qf7 Qd8 37. Qxd7 Qb6 38. Kg2 h6 39. Rf8+ Rxf8 40.
Rxf8+ 1-0

[Event "MCR senioru 2014 - nad 70 let"]
[Site "Hewlett-Packard"]
[Date "2014.08.18"]
[Round "1.9"]
[White "Tobiska, Jaroslav"]
[Black "Bohuslav, Jan"]
[Result "1-0"]
[WhiteElo "1704"]
[BlackElo "1964"]
[PlyCount "105"]

1. e4 e5 2. Nf3 Nc6 3. d4 exd4 4. Bc4 Bc5 5. Ng5 Ne5 6. Bb3 h6 7. Nxf7 Nxf7 8.
Bxf7+ Kxf7 9. Qh5+ g6 10. Qxc5 d6 11. Qxd4 Nf6 12. Nc3 g5 13. O-O Kg6 14. f4
Bd7 15. fxg5 hxg5 16. Nd5 Ng4 17. h3 c5 18. Qd2 Rh4 19. hxg4 Rxg4 20. Rf6+ Kg7
21. Rxd6 Rxe4 22. Nf6 Rd4 23. Rxd4 cxd4 24. Nxd7 Qxd7 25. Qxg5+ Kh7 26. Qh5+
Kg8 27. Qg6+ Qg7 28. Qxg7+ Kxg7 29. Bf4 Kf6 30. Rd1 Rc8 31. Rd2 Kf5 32. g3 Ke4
33. Kf2 Rc5 34. Re2+ Kf5 35. Kf3 a5 36. g4+ Kf6 37. Ke4 Rb5 38. b3 a4 39. Kxd4
Rb4+ 40. Ke3 axb3 41. axb3 Rb6 42. Rd2 Ke6 43. g5 Rc6 44. c4 Kf5 45. Rd6 Rc8
46. Kf3 Rf8 47. Rf6+ Rxf6 48. gxf6 Kxf6 49. Ke4 Ke6 50. Kd4 b6 51. b4 Kd7 52.
Kd5 b5 53. c5 1-0

[Event "MCR senioru 2014 - nad 70 let"]
[Site "Pardubice"]
[Date "2014.08.18"]
[Round "1.11"]
[White "Jedlicka, Eduard"]
[Black "Blaha, Bohuslav"]
[Result "0-1"]
[WhiteElo "1689"]
[BlackElo "1903"]
[Annotator "D"]
[PlyCount "54"]
[EventRounds "9"]
[EventCountry "CZE"]
[SourceDate "2014.08.18"]

1. d4 Nf6 2. c4 e6 3. Nf3 Bb4+ 4. Bd2 Bxd2+ 5. Nbxd2 b6 6. e4 d6 7. Bd3 O-O 8.
O-O Bb7 9. Qc2 g6 10. b4 Nbd7 11. Rfe1 e5 12. Rad1 Qe7 13. d5 a5 14. b5 Nc5 15.
Nb3 Nxb3 16. axb3 Bc8 17. h3 Nh5 18. Kh2 Nf4 19. Ng1 Qg5 20. Bf1 f5 21. Re3
fxe4 22. g3 Nd3 23. Rd2 Nxf2 24. Ree2 e3 25. Rxf2 Rxf2+ 26. Rxf2 exf2 27. Qxf2
Qf5 0-1

[Event "MCR senioru 2014 - nad 70 let"]
[Site "Hewlett-Packard"]
[Date "2014.08.18"]
[Round "1.12"]
[White "Havrlik, Pavel"]
[Black "Rejnus, Josef"]
[Result "1-0"]
[WhiteElo "1879"]
[BlackElo "1643"]
[PlyCount "46"]

1. c4 Nf6 2. Nc3 g6 3. e4 Bg7 4. d4 d6 5. Be2 c6 6. Be3 Nbd7 7. Qd2 Nb6 8. h3
a6 9. f4 Qc7 10. Nf3 Nh5 11. Kf2 Bd7 12. g4 Nf6 13. Rac1 Bxg4 14. hxg4 Nxg4+
15. Kg3 Nxe3 16. Qxe3 Nd7 17. e5 e6 18. Ne4 dxe5 19. dxe5 Bf8 20. c5 Qa5 21.
Nd6+ Bxd6 22. exd6 O-O-O 23. Bc4 Qa4 1-0

[Event "MCR senioru 2014 - nad 70 let"]
[Site "?"]
[Date "2014.08.18"]
[Round "1.13"]
[White "Langr, Jiri"]
[Black "Slechta, Karel"]
[Result "0-1"]
[WhiteElo "1654"]
[BlackElo "1874"]
[Annotator "D"]
[PlyCount "116"]
[SourceDate "2014.08.18"]

1. d4 d5 2. c4 dxc4 3. e3 e5 4. Bxc4 exd4 5. Qb3 Qe7 6. Nf3 Qb4+ 7. Bd2 Qxb3 8.
Bxb3 dxe3 9. Bxe3 Bb4+ 10. Nc3 Nc6 11. O-O Nf6 12. Nb5 Ba5 13. Bf4 O-O 14. Nxc7
Bxc7 15. Bxc7 Bf5 16. h3 h6 17. Rfe1 Rac8 18. Bf4 Rfe8 19. a3 Na5 20. Ba4 Rxe1+
21. Rxe1 Rc4 22. Re5 Rxf4 23. Rxa5 a6 24. Bd1 Be4 25. Ne1 Bc6 26. Bf3 Rc4 27.
Bxc6 Rxc6 28. Ra4 Kf8 29. Rd4 Ke7 30. Nd3 Rd6 31. Rxd6 Kxd6 32. Kf1 Nd5 33. b4
g5 34. g3 b6 35. Ke1 f5 36. Kd2 Nf6 37. Ke3 Kd5 38. f3 Kc4 39. Ne5+ Kb3 40. Kd4
Kxa3 41. Nc4+ Kxb4 42. Nxb6 a5 43. f4 Nh5 44. fxg5 hxg5 45. Nd5+ Kb3 46. g4
fxg4 47. hxg4 Ng3 48. Nb6 Nf1 49. Ke4 Nd2+ 50. Kd3 Nf1 51. Ke4 Kb4 52. Kf5 Ne3+
53. Kxg5 Kb5 54. Nc8 a4 55. Kf4 a3 56. Kxe3 a2 57. Kf4 a1=Q 58. Kg5 Qg7+ 0-1

[Event "MCR senioru 2014 - nad 70 let"]
[Site "?"]
[Date "2014.08.18"]
[Round "1.14"]
[White "Pavlu, Jiri"]
[Black "Lapacek, Lubos"]
[Result "1-0"]
[WhiteElo "1870"]
[BlackElo "1621"]
[Annotator "D"]
[PlyCount "59"]
[EventDate "2014.08.18"]
[SourceDate "2014.08.18"]

1. d4 d5 2. c4 Nf6 3. Nc3 c6 4. Bf4 e6 5. e3 Be7 6. Bd3 Nbd7 7. h3 Bb4 8. Qb3
Qa5 9. Nge2 O-O 10. O-O Bxc3 11. Nxc3 Re8 12. cxd5 cxd5 13. Nb5 e5 14. dxe5
Nxe5 15. Be2 Re6 16. Rac1 Nc6 17. Nc7 Ne4 18. Rfd1 g5 19. Rxd5 Qb4 20. Qxb4
Nxb4 21. Nxa8 Nxd5 22. Rxc8+ Kg7 23. Bh2 Rf6 24. Be5 Nd6 25. Rd8 Kg6 26. Bxf6
Kxf6 27. Rxd6+ Ke5 28. Rxd5+ Kxd5 29. Nc7+ Kc6 30. Ne8 1-0

[Event "MCR senioru 2014 - nad 70 let"]
[Site "?"]
[Date "2014.08.18"]
[Round "1.15"]
[White "Ruzickova, Helena"]
[Black "Zeman, Ladislav"]
[Result "0-1"]
[WhiteElo "1615"]
[BlackElo "1870"]
[Annotator "D"]
[PlyCount "74"]
[SourceDate "2014.08.18"]

1. e4 e5 2. d4 c6 3. dxe5 Qa5+ 4. c3 Qxe5 5. Qd4 Qxd4 6. cxd4 Nf6 7. Bd3 Bb4+
8. Nc3 O-O 9. Bd2 Re8 10. f3 d6 11. Nge2 h6 12. O-O-O Bd7 13. h4 h5 14. a3 Ba5
15. Bf4 Bc7 16. Rdg1 b5 17. Bg5 Bd8 18. Bxf6 Bxf6 19. g4 hxg4 20. fxg4 a5 21.
g5 Be7 22. h5 b4 23. Nb1 c5 24. g6 cxd4 25. gxf7+ Kxf7 26. Bc4+ Be6 27. Bxe6+
Kxe6 28. Rxg7 Bf6 29. Rg4 Nd7 30. Nf4+ Kf7 31. Nd5 Ne5 32. Rf4 Nd3+ 33. Kd1
Nxf4 34. Nxf4 Rac8 35. Nd2 bxa3 36. bxa3 Rc3 37. Nd5 Rxa3 0-1

[Event "MCR senioru 2014 - nad 70 let"]
[Site "Hewlett-Packard"]
[Date "2014.08.18"]
[Round "1.16"]
[White "Zikmund, Jaroslav"]
[Black "Labik, Jaroslav"]
[Result "1/2-1/2"]
[WhiteElo "1852"]
[BlackElo "1605"]
[PlyCount "60"]

1. d4 Nf6 2. c4 e6 3. Nc3 Bb4 4. a3 Bxc3+ 5. bxc3 O-O 6. Qc2 d5 7. e3 b6 8.
cxd5 exd5 9. Bd3 Re8 10. Ne2 Bg4 11. f3 Bh5 12. Nf4 Bg6 13. Nxg6 hxg6 14. O-O
c6 15. e4 Qc7 16. e5 Nh7 17. h4 c5 18. Qf2 c4 19. Bb1 Nc6 20. f4 Ne7 21. g4 f5
22. g5 Nf8 23. Ra2 Ne6 24. Qf3 Kf7 25. Rh2 Rh8 26. Kg2 Rh5 27. Bc2 Rah8 28.
Rfh1 Qd8 29. Bd1 b5 30. Qf2 R5h7 1/2-1/2

[Event "MCR senioru 2014 - nad 70 let"]
[Site "?"]
[Date "2014.08.19"]
[Round "2.1"]
[White "Mesiarik, Rudolf"]
[Black "Folta, Jaroslav"]
[Result "1-0"]
[WhiteElo "2136"]
[BlackElo "1847"]
[PlyCount "89"]
[EventDate "2014.??.??"]

1. Nf3 d5 2. c4 c6 3. d4 Nf6 4. Nc3 g6 5. e3 Bg7 6. Bd3 O-O 7. O-O Bg4 8. h3
Bxf3 9. Qxf3 e6 10. Rd1 Nbd7 11. Qe2 Re8 12. f4 Nh5 13. g4 Nhf6 14. Kg2 dxc4
15. Bxc4 Nb6 16. Bb3 Nbd5 17. e4 Ne7 18. Be3 Qc7 19. Rac1 Rad8 20. Qf3 Qb8 21.
Bf2 b5 22. e5 Nfd5 23. Ne4 Rf8 24. Bh4 Qa8 25. Nf6+ Bxf6 26. exf6 Nc8 27. Bg5
Rd7 28. Rc5 a5 29. Rdc1 a4 30. Bd1 Rfd8 31. Be2 Na7 32. Qg3 Nc7 33. f5 exf5 34.
gxf5 Ne8 35. fxg6 hxg6 36. h4 Nd6 37. Bf3 Nf5 38. Rxf5 Rxd4 39. Rfc5 Qc8 40.
R1c2 Qe6 41. h5 Rc4 42. hxg6 fxg6 43. R5xc4 bxc4 44. Qg4 Qe1 45. Qxc4+ 1-0

[Event "MCR senioru 2014 - nad 70 let"]
[Site "?"]
[Date "2014.08.19"]
[Round "2.3"]
[White "Zeman, Ladislav"]
[Black "Most, Zdenek"]
[Result "1-0"]
[WhiteElo "2049"]
[BlackElo "2037"]
[PlyCount "64"]
[EventDate "2014.??.??"]

1. e4 c5 2. Nc3 Nc6 3. g3 Nf6 4. Bg2 g6 5. Nge2 Bg7 6. d3 O-O 7. O-O d6 8. h3
Rb8 9. f4 Bd7 10. Nd5 e6 11. Ne3 Nd4 12. c3 Nxe2+ 13. Qxe2 Bc6 14. Kh2 e5 15.
f5 d5 16. Ng4 dxe4 17. Nxf6+ Bxf6 18. dxe4 Bg5 19. Be3 Qe7 20. h4 Bf6 21. Bh6
Rfd8 22. Qf2 Rd6 23. Qxc5 Bxe4 24. Qxa7 Bxg2 25. Kxg2 Rbd8 26. Qf2 g5 27. Rae1
gxh4 28. Kh1 hxg3 29. Qxg3+ Kh8 30. Rg1 Rd3 31. Bg7+ Kg8 32. Bxf6+ Rxg3 1-0

[Event "MCR senioru 2014 - nad 70 let"]
[Site "?"]
[Date "2014.08.19"]
[Round "2.5"]
[White "Mutina, Antonin"]
[Black "Neubauer, Vilem"]
[Result "1-0"]
[WhiteElo "1970"]
[BlackElo "1829"]
[PlyCount "133"]
[EventDate "2014.??.??"]

1. d4 g6 2. c4 Bg7 3. Nc3 f5 4. g3 Nf6 5. Bg2 O-O 6. Nf3 d6 7. O-O Nc6 8. Rb1
e5 9. dxe5 dxe5 10. Qxd8 Rxd8 11. Bg5 e4 12. Ne1 Be6 13. b3 h6 14. Bf4 g5 15.
Bc1 Ne8 16. Na4 Nd4 17. Rb2 Nf3+ 18. exf3 Bxb2 19. Nxb2 exf3 20. Bxf3 c6 21.
Ned3 Ng7 22. Re1 Re8 23. Be3 Rad8 24. h4 gxh4 25. gxh4 Kh7 26. Kh2 Bc8 27. Rg1
a6 28. Nf4 Re7 29. h5 Red7 30. c5 Re8 31. Rg6 Rde7 32. Nc4 Ne6 33. Nd6 Ng5 34.
Bg2 Rf8 35. Nxc8 Rxc8 36. Nh3 Nf7 37. Ng1 Rg8 38. Rxg8 Kxg8 39. Bh3 Re5 40. Nf3
Rd5 41. Kg3 f4+ 42. Kxf4 Rxh5 43. Be6 Kf8 44. Bxf7 Kxf7 45. Ne5+ Ke6 46. Nc4
Kd7 47. Nd6 Kc7 48. Ne8+ Kb8 49. Kg4 Rh1 50. Bd4 Re1 51. Nf6 Rd1 52. Be5+ Ka8
53. f4 Rd2 54. f5 Rxa2 55. Nh5 Rf2 56. f6 Rf1 57. Bf4 Rd1 58. Bd6 Rf1 59. Nf4
Rg1+ 60. Kf5 Rg8 61. f7 Rc8 62. f8=Q Rxf8+ 63. Bxf8 Ka7 64. Bxh6 b6 65. Bf8 a5
66. Nd3 b5 67. Nb2 1-0

[Event "MCR senioru 2014 - nad 70 let"]
[Site "?"]
[Date "2014.08.19"]
[Round "2.6"]
[White "Kudera, Jiri"]
[Black "Holecek, Vladimir"]
[Result "0-1"]
[WhiteElo "1843"]
[BlackElo "1969"]
[PlyCount "110"]
[EventDate "2014.??.??"]

1. f4 Nf6 2. Nf3 g6 3. b3 Bg7 4. Bb2 O-O 5. e3 c5 6. Be2 Nc6 7. O-O d6 8. a3
Qc7 9. Qe1 e5 10. Qh4 Qe7 11. Nc3 exf4 12. exf4 Nd4 13. Bd3 Nf5 14. Bxf5 Bxf5
15. Rae1 Qd8 16. d3 Nh5 17. Qxd8 Rfxd8 18. Nh4 Bd7 19. Nd1 Bxb2 20. Nxb2 b5 21.
f5 g5 22. Nf3 h6 23. g4 Nf6 24. h3 Re8 25. c4 a6 26. Kf2 Bc6 27. Kg3 Nd7 28. d4
Bxf3 29. Kxf3 cxd4 30. cxb5 axb5 31. a4 bxa4 32. bxa4 Ne5+ 33. Kg2 Reb8 34. Re2
Rb3 35. Rd2 Rab8 36. Rff2 R8b4 37. a5 Ra3 38. Rc2 Rxa5 39. Rfd2 Ra2 40. Nd1
Rxc2 41. Rxc2 d3 42. Rd2 Kg7 43. Ne3 Rb5 44. f6+ Kxf6 45. Nf5 Rd5 46. Rf2 Ke6
47. Ne3 d2 48. Rf1 Rc5 49. Rd1 Nc4 50. Nf1 Rd5 51. Kf3 f5 52. Ng3 fxg4+ 53.
hxg4 Nb2 54. Ke2 Re5+ 55. Kxd2 Rd5+ 0-1

[Event "MCR senioru 2014 - nad 70 let"]
[Site "?"]
[Date "2014.08.19"]
[Round "2.7"]
[White "Blaha, Bohuslav"]
[Black "Reichmann, Pavel"]
[Result "1/2-1/2"]
[WhiteElo "1903"]
[BlackElo "1820"]
[PlyCount "54"]
[EventDate "2014.??.??"]

1. e4 c6 2. d4 d5 3. Nc3 dxe4 4. Nxe4 Bf5 5. Ng3 Bg6 6. h4 h6 7. Nf3 Nf6 8. Bd3
Bxd3 9. Qxd3 e6 10. Bf4 Bd6 11. Bxd6 Qxd6 12. O-O-O Nbd7 13. Kb1 O-O 14. Rhe1
Nd5 15. Ne4 Qc7 16. c4 N5f6 17. Nxf6+ Nxf6 18. Ne5 Nd7 19. g4 Rad8 20. Qe2 Nxe5
21. dxe5 Rxd1+ 22. Rxd1 Rd8 23. f4 Qb6 24. Rd6 Rxd6 25. exd6 Qd4 26. Kc2 Qxd6
27. Qe3 c5 1/2-1/2

[Event "MCR senioru 2014 - nad 70 let"]
[Site "?"]
[Date "2014.08.19"]
[Round "2.8"]
[White "Molendzki, Tomasz"]
[Black "Pavlu, Jiri"]
[Result "1/2-1/2"]
[WhiteElo "1823"]
[BlackElo "1870"]
[PlyCount "83"]
[EventDate "2014.??.??"]

1. e4 e6 2. d4 d5 3. exd5 exd5 4. Bd3 Nf6 5. Bg5 Be7 6. h3 Ne4 7. Bxe7 Qxe7 8.
Bxe4 Qxe4+ 9. Qe2 Qxe2+ 10. Nxe2 Bf5 11. Kd2 O-O 12. Ng3 Be6 13. Re1 Nc6 14. c3
Rfe8 15. Na3 a6 16. Nc2 Ne7 17. Re3 Nf5 18. Nxf5 Bxf5 19. Rae1 Kf8 20. Nb4 c6
21. g4 Bg6 22. h4 h6 23. f4 Rxe3 24. Rxe3 Be4 25. a3 Re8 26. Na2 f5 27. gxf5
Bxf5 28. Re5 Rxe5 29. dxe5 Ke7 30. Ke3 c5 31. b4 b6 32. Nc1 Kd7 33. Ne2 Ke6 34.
a4 a5 35. bxc5 bxc5 36. Nc1 Bc2 37. Nd3 Bxd3 38. Kxd3 h5 39. c4 d4 40. Ke4 g6
41. Kd3 Kf5 42. Kd2 1/2-1/2

[Event "MCR senioru 2014 - nad 70 let"]
[Site "?"]
[Date "2014.08.19"]
[Round "2.9"]
[White "Strakos, Tomas"]
[Black "Tobiska, Jaroslav"]
[Result "1/2-1/2"]
[WhiteElo "1780"]
[BlackElo "1704"]
[PlyCount "24"]
[EventDate "2014.??.??"]

1. d4 d5 2. c4 e5 3. dxe5 d4 4. Nf3 Nc6 5. g3 Nge7 6. Bg2 Ng6 7. Bg5 Be7 8.
Bxe7 Qxe7 9. O-O O-O 10. Nxd4 Ncxe5 11. Qc2 Qc5 12. e3 Qxc4 1/2-1/2

[Event "MCR senioru 2014 - nad 70 let"]
[Site "?"]
[Date "2014.08.19"]
[Round "2.12"]
[White "Blazek, Jaroslav"]
[Black "Volf, Jaroslav"]
[Result "1/2-1/2"]
[WhiteElo "1701"]
[BlackElo "2074"]
[PlyCount "28"]
[EventDate "2014.??.??"]

1. e4 c5 2. Ne2 Nc6 3. g3 g6 4. Bg2 Bg7 5. c3 d6 6. O-O e6 7. d4 cxd4 8. cxd4
Nge7 9. Be3 O-O 10. Nbc3 b6 11. Qd2 Bb7 12. Bh6 Na5 13. Bxg7 Kxg7 14. b3 Rc8
1/2-1/2

[Event "MCR senioru 2014 - nad 70 let"]
[Site "?"]
[Date "2014.08.19"]
[Round "2.13"]
[White "Labik, Jaroslav"]
[Black "Laszkiewicz, Jerzy"]
[Result "1/2-1/2"]
[WhiteElo "1605"]
[BlackElo "1949"]
[PlyCount "57"]
[EventDate "2014.??.??"]

1. c4 f5 2. d4 Nf6 3. Nf3 g6 4. g3 Bg7 5. Bg2 O-O 6. O-O d6 7. Nc3 c6 8. Qb3
Kh8 9. Re1 Qc7 10. Bf4 Nh5 11. Bd2 f4 12. e3 fxg3 13. fxg3 Na6 14. Rf1 Bg4 15.
Ng5 h6 16. Nge4 Rxf1+ 17. Rxf1 Rf8 18. Rxf8+ Bxf8 19. Nf2 Bd7 20. Qc2 Be8 21.
a3 Bg7 22. Ne2 e5 23. Bc3 Qe7 24. Nh3 Nc7 25. d5 cxd5 26. cxd5 Bf7 27. Qd3 Nf6
28. e4 Be8 29. Qc2 1/2-1/2

[Event "MCR senioru 2014 - nad 70 let"]
[Site "?"]
[Date "2014.08.19"]
[Round "2.14"]
[White "Bohuslav, Jan"]
[Black "Zikmund, Jaroslav"]
[Result "1/2-1/2"]
[WhiteElo "1964"]
[BlackElo "1852"]
[PlyCount "36"]
[EventDate "2014.??.??"]

1. e4 c5 2. Nf3 Nc6 3. d4 cxd4 4. Nxd4 d6 5. Nc3 Nf6 6. Be2 g6 7. O-O Bg7 8.
Be3 O-O 9. Nb3 a6 10. a4 Be6 11. f3 Na5 12. Nd2 Rc8 13. Rf2 Nd7 14. Ndb1 Bc4
15. Bd4 Bxe2 16. Rxe2 Bxd4+ 17. Qxd4 Qb6 18. Qxb6 Nxb6 1/2-1/2

[Event "MCR senioru 2014 - nad 70 let"]
[Site "?"]
[Date "2014.08.19"]
[Round "2.15"]
[White "Rejnus, Josef"]
[Black "Abraham, Karel"]
[Result "0-1"]
[WhiteElo "1643"]
[BlackElo "1804"]
[PlyCount "44"]
[EventDate "2014.??.??"]

1. e4 e6 2. d4 d5 3. Nd2 Nf6 4. e5 Nfd7 5. Ngf3 c5 6. c3 Nc6 7. Bb5 Qb6 8. Qe2
cxd4 9. Bxc6 bxc6 10. Nxd4 a5 11. N2f3 c5 12. Nc2 Ba6 13. Qd1 Qb8 14. b3 Nxe5
15. Bf4 Bd6 16. Nxe5 Bxe5 17. Bd2 Bxh2 18. Rb1 Qe5+ 19. Be3 Qxc3+ 20. Qd2 Qxd2+
21. Kxd2 Bd6 22. f4 d4 0-1

[Event "MCR senioru 2014 - nad 70 let"]
[Site "?"]
[Date "2014.08.19"]
[Round "2.16"]
[White "Lapacek, Lubos"]
[Black "Glembek, Bohumir"]
[Result "0-1"]
[WhiteElo "1621"]
[BlackElo "1779"]
[PlyCount "92"]
[EventDate "2014.??.??"]

1. e4 Nf6 2. Nc3 e5 3. Nf3 Nc6 4. Bb5 d6 5. Bxc6+ bxc6 6. O-O Bg4 7. d3 Be7 8.
a3 O-O 9. Be3 d5 10. exd5 cxd5 11. Bd2 e4 12. dxe4 dxe4 13. h3 exf3 14. hxg4
fxg2 15. Kxg2 Qd7 16. f3 Rad8 17. Rf2 Bc5 18. Re2 Qc6 19. Ne4 Nxe4 20. Rxe4 Qd5
21. Re2 Be3 22. Bxe3 Qxd1 23. Rxd1 Rxd1 24. Bxa7 Rfd8 25. Be3 f6 26. c3 Rb1 27.
Bd4 Rd5 28. Rc2 c5 29. Be3 c4 30. Bc1 Rd1 31. Be3 Kf7 32. Bc5 Rd3 33. Re2 Rd7
34. Kg3 g5 35. Rh2 Kg6 36. Bb4 Rdd1 37. Rg2 f5 38. gxf5+ Kxf5 39. a4 h5 40. a5
h4+ 41. Kh3 Rh1+ 42. Rh2 Rxh2+ 43. Kxh2 Rxb2+ 44. Kh3 Kf4 45. a6 Ra2 46. Bd6+
Kxf3 0-1

[Event "MCR senioru 2014 - nad 70 let"]
[Site "?"]
[Date "2014.08.19"]
[Round "2.17"]
[White "Kosek, Lubomir"]
[Black "Ruzickova, Helena"]
[Result "1-0"]
[WhiteElo "1762"]
[BlackElo "1615"]
[PlyCount "57"]
[EventDate "2014.??.??"]

1. e4 d6 2. d4 c6 3. Nf3 Nf6 4. Bd3 Qc7 5. O-O Nbd7 6. Re1 e5 7. c3 Be7 8. h3
O-O 9. Nbd2 Nb6 10. Nf1 Be6 11. Ng3 Kh8 12. b3 Ng8 13. c4 c5 14. d5 Bd7 15. a4
a5 16. Nh2 Qd8 17. f4 Bh4 18. Qf3 Bxg3 19. Qxg3 f6 20. Bd2 Qe7 21. Rf1 f5 22.
Nf3 fxe4 23. Bxe4 Nf6 24. Qh4 Nc8 25. Ng5 h6 26. Bg6 Kg8 27. Rae1 e4 28. Re3 b6
29. Bc3 1-0

[Event "MCR senioru 2014 - nad 70 let"]
[Site "?"]
[Date "2014.08.19"]
[Round "2.18"]
[White "Horak, Jaroslav"]
[Black "Walter, Jaroslav"]
[Result "0-1"]
[WhiteElo "1576"]
[BlackElo "1742"]
[PlyCount "42"]
[EventDate "2014.??.??"]

1. e4 e5 2. Nf3 f5 3. Nxe5 Qf6 4. d4 d6 5. Nf3 fxe4 6. Qe2 d5 7. Ne5 Bd6 8. f4
Ne7 9. c4 c6 10. cxd5 cxd5 11. Nc3 O-O 12. h3 Nbc6 13. Qf2 Be6 14. Be3 Nf5 15.
Ng4 Qe7 16. a3 Nxe3 17. Nxe3 Qf7 18. g3 Nxd4 19. Nexd5 Nf3+ 20. Ke2 Bxd5 21.
Rd1 Bc4+ 0-1

[Event "MCR senioru 2014 - nad 70 let"]
[Site "?"]
[Date "2014.08.19"]
[Round "2.19"]
[White "Svatos, Zdenek"]
[Black "Kuril, Rudolf"]
[Result "1/2-1/2"]
[WhiteElo "1736"]
[BlackElo "1540"]
[PlyCount "40"]
[EventDate "2014.??.??"]

1. Nf3 Nf6 2. b3 g6 3. Bb2 Bg7 4. d4 O-O 5. c4 c6 6. e3 d6 7. Bd3 Re8 8. O-O
Nbd7 9. e4 e5 10. dxe5 dxe5 11. Bc2 Qc7 12. Nc3 Nh5 13. g3 Ndf6 14. Kg2 Bg4 15.
h3 Rad8 16. Qe2 Bc8 17. Rad1 Bh6 18. Bc1 Bxc1 19. Rxc1 Kg7 20. Qe3 h6 1/2-1/2